Vamos A Jugar (Let's Play) Spanish for kids (Record no. 384717)
[ view plain ]
| 000 -LEADER | |
|---|---|
| fixed length control field | 02083nam a2200325Ia 4500 |
| 005 - DATE AND TIME OF LATEST TRANSACTION | |
| control field | 20240507113013.0 |
| 007 - PHYSICAL DESCRIPTION FIXED FIELD--GENERAL INFORMATION | |
| fixed length control field | vd cvaizk |
| 008 - FIXED-LENGTH DATA ELEMENTS--GENERAL INFORMATION | |
| fixed length control field | 230525s2023 030 ## v eng d |
| 024 ## - OTHER STANDARD IDENTIFIER | |
| Standard number or code | 810071446825 |
| Qualifying information | (videorecording) |
| 040 ## - CATALOGING SOURCE | |
| Original cataloging agency | CTMMSN |
| Language of cataloging | eng |
| Description conventions | rda |
| Transcribing agency | CTMMSN |
| 082 #4 - DEWEY DECIMAL CLASSIFICATION NUMBER | |
| Classification number | 468.2421 |
| 092 ## - LOCALLY ASSIGNED DEWEY CALL NUMBER (OCLC) | |
| Classification number | EDVD |
| Item number | Vam |
| 245 00 - TITLE STATEMENT | |
| Title | Vamos A Jugar (Let's Play) Spanish for kids |
| 264 ## - Production, Publication, Distribution, Manufacture, and Copyright Notice. | |
| Place of production, publication, distribution, manufacture | [Place of publication not identified?]: |
| Name of producer, publisher, distributor, manufacturer | Dreamscape Media, LLC, |
| Date of production, publication, distribution, manufacture, or copyr | 2023 |
| 264 ## - Production, Publication, Distribution, Manufacture, and Copyright Notice. | |
| Place of production, publication, distribution, manufacture | Old Saybrook, Connecticut : |
| Name of producer, publisher, distributor, manufacturer | www.micromarketing.org |
| Date of production, publication, distribution, manufacture, or copyr | 2023 |
| 300 ## - PHYSICAL DESCRIPTION | |
| Extent | [1 videodisc (approximately 30 minutes)?] : |
| Other physical details | sound, color; |
| Dimensions | 4 3/4 in. |
| 336 ## - Content Type | |
| Content type term | two-dimensional moving image |
| 337 ## - Media type | |
| Media type term | video |
| 338 ## - Carrier type | |
| Carrier type term | videodisc |
| 500 ## - GENERAL NOTE | |
| General note | [Typographic symbols and accents removed for systems compatibility.] |
| 500 ## - GENERAL NOTE | |
| General note | Widescreen edition. |
| 520 ## - SUMMARY, ETC. | |
| Summary, etc | It's non stop fun in this colorful, award winning Spanish language learning video! Two words are guaranteed to brighten a child's face: Let's play! (!Vamos a jugar!) Learning time becomes play time with this award winning Spanish learning program. Join Maria and a diverse cast of playful peers as they introduce words for parts of the body, clothes, numbers, colors, and more. Vamos a Jugar builds children's Spanish vocabulary through an imaginative and interactive format that combines brightly colored graphic backgrounds, animation, puppets, and live action with lively sing along, dance along Latin music. What are you waiting for? !Vamos a jugar! The video includes an easy to use translation guide for parents and teachers, as well as English and Spanish subtitles. Designed for ages 1-5, Vamos a Jugar is fun for all ages! Whistlefritz; 810071446825; 1 Disc(s); 30 min; Educational; NR; 06/13/23 |
| 521 ## - TARGET AUDIENCE NOTE | |
| Target audience note | Rating: NR. |
| 538 ## - SYSTEM DETAILS NOTE | |
| System details note | DVD, color, widescreen, NTSC. |
| 650 #7 - SUBJECT ADDED ENTRY--TOPICAL TERM | |
| Topical term or geographic name as entry element | Childrens Video |
| Source of heading or term | bisacsh |
| 9 (RLIN) | 6435881 |
| 655 ## - INDEX TERM--GENRE/FORM | |
| Genre/form data or focus term | Video recordings. |
| Source of term | lcgft |
| 710 ## - ADDED ENTRY--CORPORATE NAME | |
| Corporate name or jurisdiction name as entry element | Dreamscape Media, LLC |
| 9 (RLIN) | 6025190 |
| 942 ## - ADDED ENTRY ELEMENTS (KOHA) | |
| Source of classification or shelving scheme | Dewey Decimal Classification |
| Koha item type | DVD |
| 949 ## - LOCAL PROCESSING INFORMATION (OCLC) | |
| n | www.MicroMarketing.org 800-229-9887 |
| Withdrawn status | Lost status | Source of classification or shelving scheme | Damaged status | Not for loan | Collection code | Home library | Current library | Shelving location | Date acquired | Source of acquisition | Total Checkouts | Total Renewals | Full call number | Barcode | Date last seen | Date checked out | Cost, replacement price | Price effective from | Koha item type |
|---|---|---|---|---|---|---|---|---|---|---|---|---|---|---|---|---|---|---|---|
| Dewey Decimal Classification | Spanish Movies | Wasatch County Library | Wasatch County Library | First Floor | 08/21/2023 | Micromarketing | 1 | 1 | E DVD Vamos | 34301002036723 | 10/02/2025 | 03/05/2024 | 24.99 | 08/21/2023 | DVD |
